| 000 | 00829cam a2200241 a 4500 | ||
|---|---|---|---|
| 001 | 2119409 | ||
| 005 | 20260304170654.0 | ||
| 008 | 961028r19961987miu 000 0 eng | ||
| 020 |
_a0310209153 _qalk. paper |
||
| 020 |
_a9780310209157 _q(alk. paper) |
||
| 050 | 0 | 0 |
_aBT75.2 _b.L475 1996 |
| 082 | 0 | 0 |
_a230 _221 |
| 100 | 1 |
_aLewis, Gordon R., _d1926- |
|
| 245 | 1 | 0 |
_aIntegrative theology / _cGordon R. Lewis & Bruce A. Demarest. |
| 260 |
_aGrand Rapids, Mich. : _bZondervan, _cc1996. |
||
| 300 |
_a3 v. in 1 ; _c24 cm. |
||
| 500 | _aOriginal 3 vol. ed. (c1987-c1994) has authors in reverse order. | ||
| 650 | 0 | _aTheology, Doctrinal. | |
| 650 | 0 |
_aTheology _xMethodology. |
|
| 700 | 1 | _aDemarest, Bruce A. | |
| 856 | 4 | 2 |
_3Publisher description _uhttp://www.loc.gov/catdir/enhancements/fy0633/96214279-d.html |
| 942 |
_2lcc _cBK _n0 |
||
| 999 |
_c8888 _d8888 |
||